| 000 | 00516nam a2200181Ia 4500 | ||
|---|---|---|---|
| 008 | 140429s9999 xx 000 0 und d | ||
| 020 | _a9789712353062 | ||
| 050 |
_aHF 5625 _b.M114 2009 |
||
| 100 | _aHugo-Macapilit, Cecilia | ||
| 245 |
_aWorktext in basic accounting : _bservice/merchandising / _cCecilia Hugo-Macapilit. |
||
| 250 | _aRev. ed. | ||
| 260 |
_aManila : _bRex Book Store, _cc2009. |
||
| 300 |
_a324 p. : _c26 cm. |
||
| 521 | _aBSA | ||
| 650 | _aAccounting. | ||
| 942 |
_kLOC _cBK |
||
| 999 |
_c115635 _d115635 |
||